000 00697nam a22002297a 4500
999 _c436
_d436
001 001919
003 CoMeUDC001919
005 20181214205905.0
008 170701s2008 ck g 00010 spa d
020 _a9789583506871
040 _aCO-BoUEC
_cCoMeUDC
092 _a345
_bA282g
_215
100 1 _aAgudelo Betancur, José Nódier
245 1 0 _aGrandes corrientes del derecho penal :
_bescuela clásica /
_cNódier Agudelo Betancur.
250 _aTercera edición.
260 _aBogotá :
_bEditorial Temis,
_c2008.
300 _axx, 140 páginas ;
_c21 cm.
600 1 4 _aCarrara, Francesco
_xCrítica e interpretación
650 1 4 _aDerecho penal
650 1 4 _aRacionalismo
942 _2ddc
_cBK